000 00488nam a2200193Ia 4500
005 20241218044141.0
008 240331s9999 xx 000 0 und d
020 _a0801485312
082 _bHAG
_a850
100 _aHagberg, G.L
245 0 _aArt as language :
_bwittgenstein, meaning, and aesthetic theory
260 _aNew York
_bCornell University
_c1998
300 _aXi, 196 p .,
650 _aPhilosophy
650 _aSocial
650 _aArt
650 _aLanguage
942 _cL
999 _c3399
_d3399